WHL Teams - Statistics

General Stats
  • This quiz has been taken 143 times
  • The average score is 19 of 22
Answer Stats
City Team % Correct
Calgary Hitmen
94%
Edmonton Oil Kings
92%
Prince Albert Raiders
92%
Medicine Hat Tigers
92%
Saskatoon Blades
89%
Spokane Chiefs
89%
Prince George Cougars
89%
Red Deer Rebels
89%
Moose Jaw Warriors
89%
Brandon Wheat Kings
89%
Tri-City Americans
86%
Kamloops Blazers
86%
Swift Current Broncos
86%
Vancouver Giants
86%
Kootenay ICE
86%
Regina Pats
86%
Kelowna Rockets
86%
Portland Winterhawks
86%
Lethbridge Hurricanes
83%
Everett Silvertips
83%
Seattle Thunderbirds
83%
Victoria Royals
78%
No matching quizzes found
Score Distribution
Percent of People with Each Score
Percentile by Number Answered
Your Score History
You have not taken this quiz